000 00269nam a2200121Ia 4500
008 190216s9999||||xx |||||||||||||| ||und||
100 _aIttiavirah
245 0 _aPractical Physics
260 _bResmi Printer
_c1992
300 _a378p
650 _aPhysics
942 _cBK
999 _c33241
_d33241